Wird geladen...

Prabanshangal prabhashanangal, smriti chitrangal sambhashanagal /

Bibliographische Detailangaben
1. Verfasser: Vijayan, M. N.
Format: Printed Book
Sprache:Malayalam
Veröffentlicht: Kozhikode : Bodhi Books , 1992.
Schlagworte:
LEADER 00534nam a2200157Ia 4500
008 150624b xxu||||| |||| 00| e mal d
082 |a 854.616 
100 |a Vijayan, M. N. 
245 |c M. N. Vijayan  |a Prabanshangal prabhashanangal, smriti chitrangal sambhashanagal / 
260 |a Kozhikode :  |b Bodhi Books ,  |c 1992. 
300 |a 272 p. 
546 |a In Malayalam. 
650 |v Essays 
942 |c BK 
999 |c 83120  |d 83120 
952 |0 1  |1 0  |2 ddc  |4 0  |6 854_616000000000000_PRA_M  |7 0  |9 83064  |a UL  |b UL  |c ST1  |d 1998-09-15  |o 854.616 PRA M  |p 66719  |r 2012-10-27  |y BK